000 00294nam a2200109 4500
008 160622b xxu||||| |||| 00| 0 eng d
100 _9522
_aSu Sarkar
245 _aMorden India 1885 - 1947
260 _aMadras
_b McMillian India.Ltd.
_c1983
300 _aMorden India 1885 - 1947
942 _2ddc
_cBK
999 _c434
_d434